Cross selling a finanční instituce
Cross selling - metóda, ktorou finančné inštitúcie využívajú bázu svojich klientov na zvýšenie objemu obchodov. Ide o predaj ďalších produktov súčasným klientom. Efektívne metódy cross sellingu.
Gespeichert in:
| 1. Verfasser: | |
|---|---|
| Format: | Buchkapitel |
| Sprache: | Tschechisch |
| Schlagworte: | |
| Tags: |
Keine Tags, Fügen Sie das erste Tag hinzu!
|
MARC
| LEADER | 00000naa a2200000 4500 | ||
|---|---|---|---|
| 001 | r043791 | ||
| 005 | 20231004072331.7 | ||
| 041 | 0 | |a cze | |
| 044 | |a CZ | ||
| 245 | 1 | 0 | |a Cross selling a finanční instituce |c David Seibert |
| 520 | |a Cross selling - metóda, ktorou finančné inštitúcie využívajú bázu svojich klientov na zvýšenie objemu obchodov. Ide o predaj ďalších produktov súčasným klientom. Efektívne metódy cross sellingu. | ||
| 610 | 2 | 0 | |a služby finančné |
| 610 | 2 | 0 | |a klienti |
| 610 | 2 | 0 | |a produkty |
| 610 | 2 | 0 | |a organizácie finančné |
| 610 | 2 | 0 | |a zisk |
| 610 | 2 | 0 | |a cross selling |
| 100 | 1 | |a Seibert, David | |